| 000 | 00543nam a22001457a 4500 | ||
|---|---|---|---|
| 999 |
_c534441 _d534441 |
||
| 022 | _a2522-2252 E-2522-2260 | ||
| 082 | _aVol- | ||
| 100 |
_aJQM _928580 |
||
| 245 |
_aJournal of Quantitative Methods : _bA step forward in data driven innovations / _cDepartment of Quantitative Methods, School of Business and Economics. |
||
| 260 |
_aLahore : _bUniversity of Management and Technology, |
||
| 300 | _c24 cm. | ||
| 500 | _aBi-annual Journal | ||
| 650 |
_aQuantitative Methods - Journals, Business and Economics - Journals. _928581 |
||
| 942 | _cCR | ||